000 00844nam a2200217 a 4500
005 20210223125122.0
008 030919s1999 ag r 000 0 spa d
020 _a9501630919
035 _aUPN01000129016
049 _aCG
050 4 _aLC1201
_bF7.2
100 1 _aFriend, Marilyn Penovich,
_d1953-
_931437
245 1 0 _aAlumnos con dificultades :
_bguía práctica para su detección e integración /
_cMarilyn Friend, William D. Bursuck ; tr. Laura Canteros.
260 _aBuenos Aires :
_bTroquel,
_cc1999.
300 _a394 p.
534 _pTraducción de:
_tIncluding students with special needs, a practical guide for classroom teachers
650 4 _aEDUCACION ESPECIAL -
_zESTADOS UNIDOS
_96559
650 4 _aNIÑOS CON DISCAPACIDAD -
_xEDUCACION -
_zESTADOS UNIDOS
_922244
700 1 _aBursuck, William D.,
_ecoaut.
905 _aLibro
999 _c101189
_d101189